<?xml version="1.0" encoding="UTF-8"?>
<record
    xmlns:xsi="http://www.w3.org/2001/XMLSchema-instance"
    xsi:schemaLocation="http://www.loc.gov/MARC21/slim http://www.loc.gov/standards/marcxml/schema/MARC21slim.xsd"
    xmlns="http://www.loc.gov/MARC21/slim">

  <leader>03250nam a22002537a 4500</leader>
  <controlfield tag="003">NALT</controlfield>
  <controlfield tag="005">20241101131823.0</controlfield>
  <controlfield tag="008">241031b        th ||||| |||| 00| 0 tha d</controlfield>
  <datafield tag="020" ind1=" " ind2=" ">
    <subfield code="a">9786168219607</subfield>
  </datafield>
  <datafield tag="040" ind1=" " ind2=" ">
    <subfield code="a">NALT</subfield>
  </datafield>
  <datafield tag="050" ind1=" " ind2=" ">
    <subfield code="a">DS 556.45.T35</subfield>
    <subfield code="b">&#xE2D;513&#xE17; 2567</subfield>
  </datafield>
  <datafield tag="100" ind1="0" ind2=" ">
    <subfield code="a">&#xE2D;&#xE31;&#xE08;&#xE09;&#xE23;&#xE34;&#xE22;&#xE32; &#xE0A;&#xE39;&#xE27;&#xE07;&#xE28;&#xE4C;&#xE40;&#xE25;&#xE34;&#xE28;</subfield>
    <subfield code="9">61805</subfield>
  </datafield>
  <datafield tag="245" ind1="1" ind2="0">
    <subfield code="a">&#xE40;&#xE17;&#xE1E;&#xE0A;&#xE32;&#xE22;&#xE41;&#xE14;&#xE19;&#xE44;&#xE21;&#xE48;&#xE21;&#xE35;&#xE1E;&#xE23;&#xE21;&#xE41;&#xE14;&#xE19; :</subfield>
    <subfield code="b">&#xE40;&#xE23;&#xE37;&#xE48;&#xE2D;&#xE07;&#xE40;&#xE25;&#xE48;&#xE32;&#xE0A;&#xE32;&#xE15;&#xE34;&#xE1E;&#xE31;&#xE19;&#xE18;&#xE4C;&#xE38;&#xE01;&#xE31;&#xE1A;&#xE01;&#xE32;&#xE23;&#xE2A;&#xE23;&#xE49;&#xE32;&#xE07;&#xE16;&#xE34;&#xE48;&#xE19;&#xE17;&#xE35;&#xE48;&#xE43;&#xE19;&#xE18;&#xE23;&#xE23;&#xE21;&#xE32;&#xE20;&#xE34;&#xE1A;&#xE32;&#xE25;&#xE17;&#xE49;&#xE2D;&#xE07;&#xE16;&#xE34;&#xE48;&#xE19;&#xE02;&#xE2D;&#xE07;&#xE04;&#xE19;&#xE44;&#xE17;&#xE43;&#xE19;&#xE40;&#xE27;&#xE35;&#xE22;&#xE14;&#xE19;&#xE32;&#xE21; /</subfield>
    <subfield code="c">&#xE2D;&#xE31;&#xE08;&#xE09;&#xE23;&#xE34;&#xE22;&#xE32; &#xE0A;&#xE39;&#xE27;&#xE07;&#xE28;&#xE4C;&#xE40;&#xE25;&#xE34;&#xE28;.</subfield>
  </datafield>
  <datafield tag="250" ind1=" " ind2=" ">
    <subfield code="a">&#xE1E;&#xE34;&#xE21;&#xE1E;&#xE4C;&#xE04;&#xE23;&#xE31;&#xE49;&#xE48;&#xE07;&#xE17;&#xE35;&#xE48; 1.</subfield>
  </datafield>
  <datafield tag="260" ind1=" " ind2=" ">
    <subfield code="a">&#xE1E;&#xE34;&#xE29;&#xE13;&#xE38;&#xE42;&#xE25;&#xE01; :</subfield>
    <subfield code="b">&#xE20;&#xE32;&#xE04;&#xE27;&#xE34;&#xE0A;&#xE32;&#xE2A;&#xE31;&#xE07;&#xE04;&#xE21;&#xE27;&#xE34;&#xE17;&#xE22;&#xE32;&#xE41;&#xE25;&#xE30;&#xE21;&#xE32;&#xE19;&#xE38;&#xE29;&#xE22;&#xE27;&#xE34;&#xE17;&#xE22;&#xE32; &#xE04;&#xE13;&#xE30;&#xE2A;&#xE31;&#xE07;&#xE04;&#xE21;&#xE28;&#xE32;&#xE2A;&#xE15;&#xE23;&#xE4C; &#xE21;&#xE2B;&#xE32;&#xE27;&#xE34;&#xE17;&#xE22;&#xE32;&#xE25;&#xE31;&#xE22;&#xE19;&#xE40;&#xE23;&#xE28;&#xE27;&#xE23;,</subfield>
    <subfield code="c">2567.</subfield>
  </datafield>
  <datafield tag="300" ind1=" " ind2=" ">
    <subfield code="a">294 &#xE2B;&#xE19;&#xE49;&#xE32; :</subfield>
    <subfield code="b">&#xE20;&#xE32;&#xE1E;&#xE1B;&#xE23;&#xE30;&#xE01;&#xE2D;&#xE1A;, &#xE15;&#xE32;&#xE23;&#xE32;&#xE07;, &#xE41;&#xE1C;&#xE19;&#xE17;&#xE35;&#xE48; ;</subfield>
    <subfield code="c">26 &#xE0B;&#xE21;. </subfield>
  </datafield>
  <datafield tag="505" ind1="2" ind2=" ">
    <subfield code="a">&#xE1A;&#xE17;&#xE17;&#xE35;&#xE48; 1 &#xE40;&#xE2B;&#xE15;&#xE38;&#xE43;&#xE14; "&#xE40;&#xE17;&#xE1E;&#xE15;&#xE37;&#xE2D;&#xE21;&#xE49;&#xE32;&#xE2E;&#xE32;&#xE22;&#xE14;&#xE48;&#xE32;&#xE27;" &#xE41;&#xE25;&#xE30; "&#xE40;&#xE23;&#xE37;&#xE48;&#xE2D;&#xE07;&#xE40;&#xE25;&#xE48;&#xE32;&#xE02;&#xE19;&#xE32;&#xE14;&#xE40;&#xE25;&#xE47;&#xE01;" -- &#xE1A;&#xE17;&#xE17;&#xE35;&#xE48; 2 &#xE41;&#xE19;&#xE27;&#xE04;&#xE34;&#xE14;&#xE41;&#xE25;&#xE30;&#xE17;&#xE24;&#xE29;&#xE0E;&#xE35;&#xE01;&#xE32;&#xE23;&#xE28;&#xE36;&#xE01;&#xE29;&#xE32;&#xE40;&#xE23;&#xE37;&#xE48;&#xE2D;&#xE07;&#xE40;&#xE25;&#xE48;&#xE32;&#xE01;&#xE31;&#xE1A;&#xE01;&#xE32;&#xE23;&#xE2A;&#xE23;&#xE49;&#xE32;&#xE07;&#xE2D;&#xE33;&#xE19;&#xE32;&#xE08;&#xE40;&#xE1A;&#xE37;&#xE49;&#xE2D;&#xE07;&#xE25;&#xE48;&#xE32;&#xE07;&#xE40;&#xE1E;&#xE37;&#xE48;&#xE2D;&#xE01;&#xE32;&#xE23;&#xE2A;&#xE23;&#xE49;&#xE32;&#xE07;&#xE16;&#xE34;&#xE48;&#xE19;&#xE17;&#xE35;&#xE48; -- &#xE1A;&#xE17;&#xE17;&#xE35;&#xE48; 3 &#xE1B;&#xE23;&#xE30;&#xE27;&#xE31;&#xE15;&#xE34;&#xE28;&#xE32;&#xE2A;&#xE15;&#xE23;&#xE4C;&#xE17;&#xE49;&#xE2D;&#xE07;&#xE16;&#xE34;&#xE48;&#xE19;&#xE41;&#xE25;&#xE30;&#xE2A;&#xE31;&#xE07;&#xE04;&#xE21;&#xE01;&#xE32;&#xE23;&#xE40;&#xE21;&#xE37;&#xE2D;&#xE07;&#xE02;&#xE2D;&#xE07;&#xE04;&#xE19;&#xE44;&#xE17;&#xE17;&#xE35;&#xE48;&#xE01;&#xE27;&#xE32;&#xE19;&#xE40;&#xE0B;&#xE34;&#xE19; (&#xE40;&#xE21;&#xE37;&#xE2D;&#xE07;&#xE40;&#xE0B;&#xE35;&#xE22;) -- &#xE1A;&#xE17;&#xE17;&#xE35;&#xE48; 4 &#xE20;&#xE39;&#xE21;&#xE34;&#xE28;&#xE32;&#xE2A;&#xE15;&#xE23;&#xE4C;-&#xE40;&#xE28;&#xE23;&#xE29;&#xE10;&#xE01;&#xE34;&#xE08;&#xE01;&#xE27;&#xE32;&#xE19;&#xE40;&#xE0B;&#xE34;&#xE19;: &#xE40;&#xE23;&#xE37;&#xE48;&#xE2D;&#xE07;&#xE40;&#xE25;&#xE48;&#xE32;&#xE01;&#xE23;&#xE30;&#xE41;&#xE2A;&#xE2B;&#xE25;&#xE31;&#xE01;&#xE02;&#xE2D;&#xE07;&#xE23;&#xE31;&#xE10; &#xE41;&#xE25;&#xE30;&#xE40;&#xE23;&#xE37;&#xE48;&#xE2D;&#xE07;&#xE40;&#xE25;&#xE48;&#xE32;&#xE02;&#xE19;&#xE32;&#xE14;&#xE40;&#xE25;&#xE49;&#xE01;&#xE02;&#xE2D;&#xE07;&#xE17;&#xE49;&#xE2D;&#xE07;&#xE16;&#xE34;&#xE48;&#xE19; &#xE01;&#xE31;&#xE25;&#xE01;&#xE25;&#xE44;&#xE01;&#xE18;&#xE23;&#xE23;&#xE21;&#xE32;&#xE20;&#xE34;&#xE1A;&#xE32;&#xE25;&#xE17;&#xE49;&#xE2D;&#xE07;&#xE16;&#xE34;&#xE48;&#xE19;&#xE43;&#xE19;&#xE01;&#xE32;&#xE23;&#xE08;&#xE31;&#xE14;&#xE01;&#xE32;&#xE23;&#xE21;&#xE17;&#xE23;&#xE31;&#xE1E;&#xE22;&#xE32;&#xE01;&#xE23; -- &#xE1A;&#xE17;&#xE17;&#xE35;&#xE48; 5 &#xE40;&#xE23;&#xE37;&#xE48;&#xE2D;&#xE07;&#xE40;&#xE25;&#xE48;&#xE32;&#xE02;&#xE2D;&#xE07;&#xE0A;&#xE32;&#xE15;&#xE34;&#xE1E;&#xE31;&#xE19;&#xE18;&#xE38;&#xE4C;&#xE41;&#xE25;&#xE30;&#xE17;&#xE49;&#xE2D;&#xE07;&#xE16;&#xE34;&#xE48;&#xE19; "&#xE40;&#xE17;&#xE1E;&#xE15;&#xE37;&#xE2D;&#xE21;&#xE49;&#xE32;&#xE2E;&#xE32;&#xE22;&#xE14;&#xE48;&#xE32;&#xE27;" : &#xE04;&#xE27;&#xE32;&#xE21;&#xE02;&#xE31;&#xE14;&#xE41;&#xE22;&#xE49;&#xE07; &#xE04;&#xE27;&#xE32;&#xE21;&#xE2A;&#xE38;&#xE02; &#xE41;&#xE25;&#xE30;&#xE01;&#xE32;&#xE23;&#xE23;&#xE31;&#xE01;&#xE29;&#xE32;&#xE23;&#xE30;&#xE40;&#xE1A;&#xE35;&#xE22;&#xE1A;&#xE17;&#xE32;&#xE07;&#xE2A;&#xE31;&#xE07;&#xE04;&#xE21;&#xE02;&#xE2D;&#xE07;&#xE40;&#xE21;&#xE37;&#xE2D;&#xE07;&#xE0A;&#xE32;&#xE22;&#xE41;&#xE14;&#xE19; -- &#xE1A;&#xE17;&#xE17;&#xE35;&#xE48; 6 &#xE40;&#xE17;&#xE1E;&#xE0A;&#xE32;&#xE22;&#xE41;&#xE14;&#xE19; &#xE44;&#xE21;&#xE48;&#xE21;&#xE35;&#xE1E;&#xE23;&#xE21;&#xE41;&#xE14;&#xE19; : &#xE01;&#xE32;&#xE23;&#xE1B;&#xE30;&#xE17;&#xE30;&#xE1B;&#xE23;&#xE30;&#xE2A;&#xE32;&#xE19;&#xE40;&#xE23;&#xE37;&#xE48;&#xE2D;&#xE07;&#xE40;&#xE25;&#xE48;&#xE32;&#xE15;&#xE48;&#xE32;&#xE07; &#xE46; &#xE41;&#xE25;&#xE30;&#xE01;&#xE32;&#xE23;&#xE2A;&#xE23;&#xE49;&#xE32;&#xE07;&#xE20;&#xE32;&#xE29;&#xE32;&#xE43;&#xE2B;&#xE21;&#xE48;&#xE43;&#xE19;&#xE18;&#xE23;&#xE23;&#xE21;&#xE32;&#xE20;&#xE34;&#xE1A;&#xE32;&#xE25;&#xE17;&#xE49;&#xE2D;&#xE07;&#xE16;&#xE34;&#xE48;&#xE19;&#xE02;&#xE2D;&#xE07;&#xE01;&#xE32;&#xE23;&#xE08;&#xE31;&#xE14;&#xE01;&#xE32;&#xE23;&#xE1B;&#xE48;&#xE32; -- &#xE1A;&#xE17;&#xE17;&#xE35;&#xE48; 7 &#xE1A;&#xE17;&#xE2A;&#xE23;&#xE38;&#xE1B;.</subfield>
  </datafield>
  <datafield tag="650" ind1=" " ind2="4">
    <subfield code="a">&#xE0A;&#xE32;&#xE27;&#xE44;&#xE17; </subfield>
    <subfield code="z">&#xE40;&#xE27;&#xE35;&#xE22;&#xE14;&#xE19;&#xE32;&#xE21;</subfield>
    <subfield code="9">15465</subfield>
  </datafield>
  <datafield tag="650" ind1=" " ind2="4">
    <subfield code="a">&#xE0A;&#xE19;&#xE01;&#xE25;&#xE38;&#xE48;&#xE21;&#xE19;&#xE49;&#xE2D;&#xE22;</subfield>
    <subfield code="x">&#xE20;&#xE32;&#xE27;&#xE30;&#xE2A;&#xE31;&#xE07;&#xE04;&#xE21;</subfield>
    <subfield code="9">65084</subfield>
  </datafield>
  <datafield tag="942" ind1=" " ind2=" ">
    <subfield code="c">GB</subfield>
    <subfield code="2">lcc</subfield>
  </datafield>
  <datafield tag="996" ind1=" " ind2=" ">
    <subfield code="a">pitikan.s</subfield>
    <subfield code="b">CATSTF	</subfield>
    <subfield code="c">2024-10-31</subfield>
  </datafield>
  <datafield tag="996" ind1=" " ind2=" ">
    <subfield code="a">saiphon.d</subfield>
    <subfield code="b">CATSTF	</subfield>
    <subfield code="c">2024-11-01</subfield>
  </datafield>
  <datafield tag="999" ind1=" " ind2=" ">
    <subfield code="c">106065</subfield>
    <subfield code="d">106065</subfield>
  </datafield>
  <datafield tag="998" ind1=" " ind2=" ">
    <subfield code="j">104</subfield>
    <subfield code="k"> &#xE19;&#xE32;&#xE07;&#xE2A;&#xE32;&#xE27;&#xE2A;&#xE32;&#xE22;&#xE1D;&#xE19;  &#xE14;&#xE35;&#xE07;&#xE32;&#xE21;</subfield>
  </datafield>
  <datafield tag="952" ind1=" " ind2=" ">
    <subfield code="0">0</subfield>
    <subfield code="1">0</subfield>
    <subfield code="2">lcc</subfield>
    <subfield code="4">0</subfield>
    <subfield code="7">0</subfield>
    <subfield code="8">CGBL</subfield>
    <subfield code="a">NALT</subfield>
    <subfield code="b">NALT</subfield>
    <subfield code="c">GEN</subfield>
    <subfield code="d">2024-10-31</subfield>
    <subfield code="l">0</subfield>
    <subfield code="o">DS 556.45.T35 &#xE2D;513&#xE17; 2567</subfield>
    <subfield code="p">3961214653</subfield>
    <subfield code="r">2024-10-31 00:00:00</subfield>
    <subfield code="w">2024-10-31</subfield>
    <subfield code="y">GB</subfield>
  </datafield>
</record>
